[Event "Copenhagen Chess Challenge 2011"]
[Site "Ballerup"]
[Date "2011.05.20"]
[Round "5"]
[White "Pawlak, Wojciech Zbigniew"]
[Black "Jensen, Simon Stibolt"]
[Result "1/2-1/2"]
[WhiteElo "1645"]
[BlackElo "1748"]
[PlyCount "135"]
[EventDate "2011.??.??"]
[EventType "swiss"]
[EventRounds "9"]
[EventCountry "DEN"]

1. e4 e5 2. Nf3 Nc6 3. Bb5 a6 4. Ba4 Nf6 5. O-O Bc5 6. c3 b5 7. Bc2 d6 8. h3
O-O 9. d4 Bb6 10. Re1 Re8 11. Be3 Bb7 12. d5 Ne7 13. Bxb6 cxb6 14. Nbd2 Rc8 15.
Rc1 Ng6 16. Nf1 Rc7 17. Ng3 Bc8 18. Qd2 Bd7 19. Bd3 Qc8 20. Bf1 Nf4 21. Ne2
Nxe4 22. Qc2 Nxe2+ 23. Rxe2 f5 24. Nd2 Nxd2 25. Qxd2 f4 26. Rce1 Rf8 27. f3 Rf6
28. Kh2 Rg6 29. Rf2 Rg3 30. Re4 g5 31. Qc1 h5 32. c4 bxc4 33. Rxc4 Rxc4 34.
Qxc4 Qxc4 35. Bxc4 b5 36. Bd3 Kf7 37. Rc2 g4 38. Bf1 gxf3 39. Rc7 Ke8 40. Ra7
fxg2 41. Bxg2 Rd3 42. Rxa6 f3 43. Bf1 Rxd5 44. Ra8+ Ke7 45. Rh8 Rd2+ 46. Kg3 f2
47. Rxh5 Rxb2 48. Rh7+ Ke6 49. h4 Rxa2 50. Bh3+ Kf6 51. Rxd7 Ra3+ 52. Kxf2 Rxh3
53. Rxd6+ Kf5 54. Rb6 Rb3 55. h5 Rh3 56. h6 b4 57. Rxb4 Rxh6 58. Rb8 Ke4 59.
Rb4+ Kd5 60. Rb5+ Ke4 61. Rb4+ Kf5 62. Rb8 Rf6 63. Ke3 Rf7 64. Re8 Rf6 65. Kf3
Kg6+ 66. Ke4 Rf1 67. Rxe5 Kf6 68. Ra5 1/2-1/2

[Event "Copenhagen Chess Challenge 2011"]
[Site "Ballerup"]
[Date "2011.05.20"]
[Round "5"]
[White "Schmidt, Horst Hubert"]
[Black "Hein, Jacob"]
[Result "1-0"]
[WhiteElo "1834"]
[BlackElo "1577"]
[PlyCount "129"]
[EventDate "2011.??.??"]
[EventType "swiss"]
[EventRounds "9"]
[EventCountry "DEN"]

1. e4 d6 2. g3 Nd7 3. Bg2 e5 4. Ne2 Ngf6 5. O-O Be7 6. d3 h6 7. Nbc3 c6 8. h3
Nf8 9. Be3 Be6 10. g4 Nxg4 11. hxg4 Bxg4 12. f3 Be6 13. d4 exd4 14. Bxd4 Qa5
15. f4 Bg4 16. Qd3 Ne6 17. Be3 O-O-O 18. b4 Qa3 19. b5 Bxe2 20. Qxe2 Qxc3 21.
bxc6 Qxc6 22. Rab1 Nc5 23. e5 d5 24. c4 Qg6 25. f5 Qg3 26. Bf4 Qd3 27. Qxd3
Nxd3 28. Be3 Nc5 29. cxd5 b6 30. d6 Bxd6 31. exd6 Rxd6 32. Rfc1 g5 33. Bxc5
bxc5 34. Rxc5+ Kd7 35. Rb7+ Ke8 36. Rc8+ Rd8 37. Bc6+ Kf8 38. Rxd8+ Kg7 39.
Rdd7 Rf8 40. Bd5 Kf6 41. Rxa7 Ke5 42. Bxf7 Kxf5 43. Bh5 Rc8 44. Rf7+ Ke5 45.
Ra5+ Ke4 46. Bg6+ Ke3 47. Re5+ Kd4 48. Re4+ Kd5 49. Rd7+ Kc5 50. Rd3 Rf8 51.
Ra4 Rf6 52. Bh5 Rb6 53. Kf2 Rb2+ 54. Ke3 Rh2 55. Bf3 h5 56. Rd5+ Kb6 57. Rxg5
h4 58. Rb4+ Kc7 59. a4 h3 60. Rh4 Ra2 61. Rh6 Ra3+ 62. Kf2 Ra2+ 63. Be2 Rxe2+
64. Kxe2 h2 65. Rg7+ 1-0

[Event "Copenhagen Chess Challenge 2011"]
[Site "Ballerup"]
[Date "2011.05.20"]
[Round "5"]
[White "Sylvan, Jacob"]
[Black "Johansson, Linus"]
[Result "1-0"]
[WhiteElo "2261"]
[BlackElo "2131"]
[PlyCount "129"]
[EventDate "2011.??.??"]
[EventType "swiss"]
[EventRounds "9"]
[EventCountry "DEN"]

1. d4 Nf6 2. c4 e6 3. g3 c5 4. d5 exd5 5. cxd5 g6 6. Bg2 d6 7. Nf3 Bg7 8. Nc3
O-O 9. O-O Re8 10. Nd2 a6 11. a4 Nbd7 12. h3 Rb8 13. Nc4 Ne5 14. Na3 Qc7 15. f4
Ned7 16. e4 c4 17. Kh2 Nc5 18. e5 dxe5 19. fxe5 Rxe5 20. Nxc4 Nh5 21. d6 Qd8
22. Nxe5 Bxe5 23. Ne2 Qxd6 24. Qxd6 Bxd6 25. Nf4 Nb3 26. Nxh5 gxh5 27. Bd5 Be6
28. Bxb3 Bxb3 29. Rf3 Be6 30. Bf4 Bxf4 31. gxf4 Bf5 32. Rg1+ Kh8 33. Rg5 Bc2
34. a5 Rd8 35. Rc3 Be4 36. Rc7 h6 37. Re5 Bd5 38. Re2 Rf8 39. Rd2 Bc6 40. Rd6
Kg7 41. f5 Re8 42. Rg6+ Kf8 43. Rxh6 Re2+ 44. Kg1 Kg7 45. Rg6+ Kf8 46. Rf6 Bd5
47. Rd6 Bc6 48. f6 Kg8 49. Rd8+ Kh7 50. Rxf7+ Kg6 51. Rff8 Re5 52. Rd6 Bd5 53.
h4 Ba2 54. Rc8 Be6 55. Rf8 Re4 56. Rb6 Bd5 57. Rd6 Be6 58. Kf2 Ba2 59. Rb8 Rxh4
60. Rxb7 Rf4+ 61. Ke3 Rf5 62. Rg7+ Kh6 63. Rg3 Bf7 64. Rd8 Re5+ 65. Kf4 1-0

[Event "Copenhagen Chess Challenge 2011"]
[Site "Ballerup"]
[Date "2011.05.20"]
[Round "5"]
[White "Christensen, Janus"]
[Black "Andersen, Daniel"]
[Result "1-0"]
[WhiteElo "2148"]
[BlackElo "1997"]
[PlyCount "61"]
[EventDate "2011.??.??"]
[EventType "swiss"]
[EventRounds "9"]
[EventCountry "DEN"]

1. e4 e6 2. d4 d5 3. e5 c5 4. c3 Nc6 5. Be3 Qb6 6. Qd2 cxd4 7. cxd4 Bb4 8. Nc3
f6 9. f4 Be7 10. Nf3 Nh6 11. Bd3 O-O 12. O-O Ng4 13. Rac1 Nxe3 14. Qxe3 Qxb2
15. Rf2 Qa3 16. exf6 Rxf6 17. g4 Bd7 18. g5 Rf7 19. Rb1 b6 20. Nb5 Qa5 21. Nc7
Rc8 22. Nxe6 Nb4 23. g6 hxg6 24. Bxg6 Rf6 25. Neg5 Bd6 26. Bh7+ Kh8 27. Ne5
Bxe5 28. fxe5 Rxf2 29. Qxf2 Qxa2 30. Qh4 Qa4 31. Bc2+ 1-0

[Event "Copenhagen Chess Challenge 2011"]
[Site "Ballerup"]
[Date "2011.05.20"]
[Round "5"]
[White "Rimestad, Arild"]
[Black "Brorsen, Jacob Abildlund"]
[Result "1-0"]
[WhiteElo "1725"]
[BlackElo "2064"]
[PlyCount "167"]
[EventDate "2011.??.??"]
[EventType "swiss"]
[EventRounds "9"]
[EventCountry "DEN"]

1. f4 d5 2. Nf3 Nf6 3. g3 g6 4. Bg2 Bg7 5. O-O O-O 6. c3 c5 7. d3 Qb6 8. h3 Nc6
9. Qe1 d4 10. Na3 Be6 11. Ng5 Bd5 12. e4 dxe3 13. Qxe3 Rad8 14. Bxd5 Nxd5 15.
Qf2 Qa6 16. Ne4 b6 17. Rd1 Rd7 18. Qf3 Rfd8 19. Nc2 e6 20. g4 Nde7 21. Ne1 h6
22. h4 f5 23. Nf2 Rf8 24. h5 gxh5 25. g5 hxg5 26. fxg5 Qc8 27. Qxh5 Qe8 28.
Qxe8 Rxe8 29. Kg2 Ng6 30. Nf3 Red8 31. a4 c4 32. d4 e5 33. a5 Nxa5 34. Ra4 exd4
35. cxd4 Bxd4 36. b4 Nc6 37. b5 Na5 38. Nxd4 Rxd4 39. Re1 Kf7 40. Bb2 R4d5 41.
Rh1 Rxb5 42. Rh7+ Ke6 43. Bf6 Rd2 44. Ra1 Kd6 45. Rh6 Nf4+ 46. Kf1 Kd5 47. Bc3
Rc2 48. Rd1+ Kc5 49. Be5 Rxf2+ 50. Kxf2 Nd3+ 51. Rxd3 cxd3 52. g6 Rb1 53. g7 d2
54. Rd6 d1=Q 55. Rxd1 Rxd1 56. g8=Q Nc6 57. Qf8+ Kb5 58. Bc3 Rd5 59. Qf7 Kc5
60. Bg7 a5 61. Bf8+ Kc4 62. Qb7 Kb5 63. Qa8 Rd4 64. Qc8 f4 65. Qf5+ Kc4 66. Qf6
Kb5 67. Bd6 a4 68. Bxf4 a3 69. Qf5+ Kb4 70. Qb1+ Ka5 71. Be3 Rc4 72. Bxb6+ Ka4
73. Qd1+ Kb4 74. Qb1+ Ka4 75. Bc7 Nb4 76. Bd6 a2 77. Qd1+ Nc2 78. Be5 Kb4 79.
Qd6+ Ka4 80. Qd3 Kb4 81. Bd6+ Kb5 82. Qb3+ Nb4 83. Bxb4 a1=Q 84. Bc3+ 1-0

[Event "Copenhagen Chess Challenge 2011"]
[Site "Ballerup"]
[Date "2011.05.20"]
[Round "5"]
[White "Leosson, Atli Johann"]
[Black "Halamus, Agata"]
[Result "0-1"]
[WhiteElo "1673"]
[BlackElo "2047"]
[PlyCount "80"]
[EventDate "2011.??.??"]
[EventType "swiss"]
[EventRounds "9"]
[EventCountry "DEN"]

1. e4 e5 2. Nf3 Nc6 3. Bc4 Nf6 4. d3 Be7 5. Nc3 O-O 6. a3 d6 7. h3 Be6 8. Nd5
Nd4 9. Nxe7+ Qxe7 10. Nxd4 exd4 11. Bxe6 fxe6 12. O-O c5 13. Bg5 h6 14. Bxf6
Rxf6 15. f4 Raf8 16. Qg4 Qf7 17. g3 e5 18. f5 d5 19. Rf2 dxe4 20. dxe4 c4 21.
Qe2 Rd8 22. Rd1 Rfd6 23. Rf3 b5 24. b3 Qc7 25. g4 Rc8 26. h4 Qe7 27. Rh3 Ra6
28. b4 d3 29. cxd3 Rxa3 30. Qh2 c3 31. Rc1 c2 32. g5 hxg5 33. hxg5 Qxg5+ 34.
Kf2 Qd2+ 35. Kf3 Qxd3+ 36. Kg4 Qxe4+ 37. Kg5 Rxh3 38. Qxh3 Qf4+ 39. Kh5 Qxc1
40. f6 Qh6+ 0-1

[Event "Copenhagen Chess Challenge 2011"]
[Site "Ballerup"]
[Date "2011.05.20"]
[Round "5"]
[White "Andersen, Troels Baekgaard"]
[Black "Kokholm, Daniel"]
[Result "1-0"]
[WhiteElo "1613"]
[BlackElo "1934"]
[PlyCount "59"]
[EventDate "2011.??.??"]
[EventType "swiss"]
[EventRounds "9"]
[EventCountry "DEN"]

1. d4 Nc6 2. d5 Ne5 3. e4 e6 4. f4 Ng6 5. dxe6 fxe6 6. Nf3 Nh6 7. Bc4 c6 8. O-O
Bc5+ 9. Kh1 Ng4 10. Qe2 Qb6 11. h3 h5 12. Nc3 Qc7 13. e5 b5 14. Bd3 Ne7 15. Bd2
Bb7 16. a3 Nh6 17. b4 Nef5 18. Bxf5 Nxf5 19. Kh2 Be7 20. Ne4 Rd8 21. Rad1 a6
22. Bc3 Rh6 23. Nd4 g6 24. Rd2 Kf7 25. Rfd1 Rg8 26. Nxf5 gxf5 27. Rxd7 Qxd7 28.
Rxd7 Ba8 29. Nd6+ Kf8 30. Ra7 1-0

[Event "Copenhagen Chess Challenge 2011"]
[Site "Ballerup"]
[Date "2011.05.21"]
[Round "6"]
[White "Hector, Jonny"]
[Black "Brynell, Stellan"]
[Result "1-0"]
[WhiteElo "2585"]
[BlackElo "2486"]
[PlyCount "155"]
[EventDate "2011.??.??"]
[EventType "swiss"]
[EventRounds "9"]
[EventCountry "DEN"]

1. e4 e6 2. d4 d5 3. Nc3 Bb4 4. Nge2 dxe4 5. a3 Bxc3+ 6. Nxc3 Nc6 7. Bb5 Nge7
8. Bg5 f6 9. Be3 O-O 10. Qd2 f5 11. O-O-O a6 12. Bxc6 Nxc6 13. Bg5 Qd7 14. d5
Ne5 15. f3 Nc4 16. Qd4 b5 17. fxe4 e5 18. Qc5 Qd6 19. Be7 Qxc5 20. Bxc5 Nd6 21.
exf5 Bxf5 22. Rde1 Rae8 23. a4 bxa4 24. Nxa4 Rf6 25. Rhf1 Bg6 26. b3 Rb8 27. g3
Bf7 28. Nc3 Bg6 29. Rf2 Nb7 30. Ba7 Ra8 31. Be3 Nd6 32. Rd2 Rf3 33. Rf2 Rf6 34.
g4 Raf8 35. Rxf6 Rxf6 36. Bd2 Rf2 37. h4 Rg2 38. h5 Bf7 39. Rxe5 Rxg4 40. Re7
Rg1+ 41. Kb2 Nb5 42. Nxb5 axb5 43. Rxc7 Bxd5 44. Rc5 Be4 45. Rxb5 Rg2 46. Re5
Bf3 47. Bb4 Bd1 48. Rc5 Rh2 49. Rc8+ Kf7 50. Rc7+ Ke6 51. Bf8 Bxh5 52. b4 Rf2
53. Bxg7 Be8 54. Bd4 Rf7 55. Rc3 Kd5 56. Re3 Bc6 57. Bc5 Kc4 58. Rh3 Kb5 59.
Rh6 Bd5 60. Kc3 Bc6 61. Rh5 Rf3+ 62. Be3+ Ka6 63. Kd4 Rf7 64. c4 Bf3 65. Rh6+
Kb7 66. Kc3 Be2 67. b5 Kc8 68. Kb4 Re7 69. Bd4 Re4 70. Kc5 Re7 71. Kb4 Re4 72.
Kc3 Re7 73. Bc5 Re4 74. Rc6+ Kb7 75. Bd4 Re7 76. c5 Bf3 77. Rf6 Bd5 78. c6+ 1-0

[Event "Copenhagen Chess Challenge 2011"]
[Site "Ballerup"]
[Date "2011.05.21"]
[Round "6"]
[White "Haub, Thorsten Michael"]
[Black "Tikkanen, Hans"]
[Result "1/2-1/2"]
[WhiteElo "2459"]
[BlackElo "2560"]
[PlyCount "122"]
[EventDate "2011.??.??"]
[EventType "swiss"]
[EventRounds "9"]
[EventCountry "DEN"]

1. g3 e5 2. Bg2 d5 3. d3 Nf6 4. a3 Be7 5. Nd2 O-O 6. e3 c5 7. Ne2 Be6 8. h3 Qc8
9. f4 Nc6 10. Nf3 Bd6 11. g4 exf4 12. Nxf4 h5 13. g5 Bxf4 14. exf4 Ne8 15. Ne5
g6 16. Nxc6 Qxc6 17. O-O Ng7 18. Kh2 Nf5 19. Qe1 Rae8 20. Qf2 Qd6 21. Re1 f6
22. gxf6 Rxf6 23. b4 b6 24. Re5 Bf7 25. Bb2 d4 26. Rae1 Rfe6 27. bxc5 bxc5 28.
Bc1 Qb8 29. Bd5 Rxe5 30. Bxf7+ Kxf7 31. fxe5 Qb7 32. Bf4 Re6 33. Rf1 Qd5 34.
Qe2 Ke8 35. Rg1 Rb6 36. Qf2 Kf7 37. Re1 Ke8 38. Rg1 Kd7 39. Re1 Kc8 40. Rg1 a6
41. a4 a5 42. Re1 Kd7 43. Rg1 Ke8 44. Re1 Kf7 45. Bg5 Ke6 46. Bf4 Rb2 47. Rg1
Kf7 48. Re1 Ke6 49. Rg1 Kf7 50. Re1 Qe6 51. Re2 Rb1 52. Qg2 Kg7 53. Bg5 Kh7 54.
Bf4 Nh4 55. Qa8 Rf1 56. Qb7+ Kg8 57. Qb8+ Kf7 58. Qc7+ Ke8 59. Qb8+ Kf7 60.
Qc7+ Ke8 61. Qb8+ Kf7 1/2-1/2

[Event "Copenhagen Chess Challenge 2011"]
[Site "Ballerup"]
[Date "2011.05.21"]
[Round "6"]
[White "Andersen, Mads"]
[Black "Danielsen, Henrik"]
[Result "0-1"]
[WhiteElo "2431"]
[BlackElo "2545"]
[PlyCount "92"]
[EventDate "2011.??.??"]
[EventType "swiss"]
[EventRounds "9"]
[EventCountry "DEN"]

1. e4 d6 2. d4 Nf6 3. Nc3 e5 4. Nge2 c6 5. g3 b5 6. a3 Nbd7 7. Bg2 Bb7 8. O-O
Be7 9. h3 O-O 10. g4 h6 11. Be3 Re8 12. Qd2 a6 13. Rad1 Bf8 14. Ng3 exd4 15.
Bxd4 c5 16. Be3 Ne5 17. b3 Ng6 18. g5 hxg5 19. Bxg5 b4 20. axb4 cxb4 21. Nd5
Bxd5 22. exd5 a5 23. Kh1 Be7 24. Nf5 Nh7 25. Nxe7+ Nxe7 26. Bh4 Qd7 27. Qd4
Rac8 28. Rd2 Nf5 29. Qg4 Rc7 30. Ra1 Nxh4 31. Qxh4 Rc5 32. Rd4 Qe7 33. Qxe7
Rxe7 34. Rc4 Rxc4 35. bxc4 Rc7 36. Rxa5 Rxc4 37. Ra6 Rxc2 38. Rxd6 Rxf2 39.
Rd8+ Nf8 40. d6 Rd2 41. Bc6 g6 42. d7 Kg7 43. Rb8 Nxd7 44. Rd8 b3 45. Bxd7 b2
46. Rb8 Rd1+ 0-1

[Event "Copenhagen Chess Challenge 2011"]
[Site "Ballerup"]
[Date "2011.05.21"]
[Round "6"]
[White "Bulski, Krzysztof"]
[Black "Smith, Axel"]
[Result "1/2-1/2"]
[WhiteElo "2482"]
[BlackElo "2450"]
[PlyCount "112"]
[EventDate "2011.??.??"]
[EventType "swiss"]
[EventRounds "9"]
[EventCountry "DEN"]

1. d4 Nf6 2. c4 e6 3. Nf3 d5 4. g3 Be7 5. Bg2 O-O 6. O-O dxc4 7. Qc2 b5 8. a4
b4 9. Ne5 Qxd4 10. Bxa8 Qxe5 11. Bf4 Qh5 12. Bxc7 Ng4 13. h4 Ba6 14. Bxb8 Rxb8
15. Bf3 f5 16. Nd2 g5 17. Bxg4 Qxg4 18. hxg5 Bc5 19. Kh2 Qh5+ 20. Kg2 Qxe2 21.
Qd1 c3 22. Qxe2 Bxe2 23. Rfe1 Bd3 24. bxc3 bxc3 25. Nf1 c2 26. Ne3 Bb4 27. Nxc2
Bxc2 28. Rxe6 Be4+ 29. f3 Bd5 30. Re2 a5 31. Re5 Bc3 32. Rxd5 Bxa1 33. Rxa5 Rf8
34. f4 Bc3 35. Rb5 Rd8 36. Rxf5 Rd2+ 37. Kf3 Rd3+ 38. Kg4 Be1 39. Rb5 Rxg3+ 40.
Kf5 Ra3 41. Rb8+ Kf7 42. Rb7+ Kg8 43. Rb8+ Kf7 44. Rb7+ Ke8 45. Rxh7 Rxa4 46.
Rh2 Kf8 47. Re2 Bc3 48. Re4 Ra5+ 49. Kg6 Ra6+ 50. Kf5 Kf7 51. Rc4 Ra5+ 52. Kg4
Bd2 53. f5 Bxg5 54. Kxg5 Ra6 55. Rc7+ Kf8 56. f6 Ra1 1/2-1/2

[Event "Copenhagen Chess Challenge 2011"]
[Site "Ballerup"]
[Date "2011.05.21"]
[Round "6"]
[White "Hagen, Andreas Skytte"]
[Black "Mikkelsen, Nikolaj"]
[Result "1-0"]
[WhiteElo "2346"]
[BlackElo "2401"]
[PlyCount "95"]
[EventDate "2011.??.??"]
[EventType "swiss"]
[EventRounds "9"]
[EventCountry "DEN"]

1. c4 g6 2. g3 Bg7 3. Bg2 c5 4. Nc3 Nc6 5. Nf3 d6 6. O-O e5 7. a3 Nge7 8. b4
cxb4 9. axb4 Nxb4 10. Ba3 Na6 11. Ne4 O-O 12. Nxd6 Rb8 13. Ng5 Qd7 14. Qb3 Nc6
15. e3 Nc7 16. Bh3 Ne6 17. Ndxf7 Rxf7 18. Bxe6 Qxe6 19. Nxe6 Bxe6 20. Qc2 Rd8
21. Bb2 Rfd7 22. d4 exd4 23. exd4 Nxd4 24. Bxd4 Rxd4 25. Rfd1 Rxd1+ 26. Rxd1
Rxd1+ 27. Qxd1 Bxc4 28. Qa4 b5 29. Qxa7 Bf8 30. Qd4 Bf7 31. f4 b4 32. g4 b3 33.
f5 gxf5 34. gxf5 h5 35. Kf2 Kh7 36. Qd7 Kg8 37. Qd4 Kh7 38. Ke2 Bg7 39. f6 Bf8
40. Qe4+ Kh6 41. Qa8 Bd6 42. Qh8+ Kg5 43. Qg7+ Bg6 44. h4+ Kf5 45. f7 b2 46.
f8=Q+ Bxf8 47. Qxf8+ Ke6 48. Qc8+ 1-0

[Event "Copenhagen Chess Challenge 2011"]
[Site "Ballerup"]
[Date "2011.05.21"]
[Round "6"]
[White "Rewitz, Poul"]
[Black "Skytte, Rasmus"]
[Result "1/2-1/2"]
[WhiteElo "2289"]
[BlackElo "2399"]
[PlyCount "57"]
[EventDate "2011.??.??"]
[EventType "swiss"]
[EventRounds "9"]
[EventCountry "DEN"]

1. d4 Nf6 2. c4 c5 3. d5 b5 4. cxb5 a6 5. b6 Qxb6 6. Nc3 d6 7. e4 g6 8. Nf3 Bg7
9. Nd2 O-O 10. Be2 Nbd7 11. O-O Qc7 12. f4 Rb8 13. g4 e6 14. f5 exf5 15. exf5
c4 16. g5 Nxd5 17. f6 Qc5+ 18. Kh1 N5xf6 19. gxf6 Nxf6 20. Nde4 Nxe4 21. Nxe4
Qe5 22. Bf3 d5 23. Nc3 d4 24. Nd5 Qe6 25. Re1 Qh3 26. Bg2 Qg4 27. Bf3 Qh3 28.
Bg2 Qg4 29. Bf3 1/2-1/2

[Event "Copenhagen Chess Challenge 2011"]
[Site "Ballerup"]
[Date "2011.05.21"]
[Round "6"]
[White "Teplyi, Igor"]
[Black "Sylvan, Jacob"]
[Result "1/2-1/2"]
[WhiteElo "2387"]
[BlackElo "2261"]
[PlyCount "91"]
[EventDate "2011.??.??"]
[EventType "swiss"]
[EventRounds "9"]
[EventCountry "DEN"]

1. d4 d5 2. c4 e6 3. Nf3 c6 4. Qc2 Nf6 5. g3 Bd6 6. Bg2 O-O 7. O-O Nbd7 8. Rd1
Qe7 9. Bg5 dxc4 10. Nbd2 b5 11. b3 cxb3 12. Nxb3 a5 13. Qxc6 Ba6 14. Bxf6 gxf6
15. Nxa5 b4 16. Qe4 f5 17. Qe3 Bb5 18. Nb7 Bc6 19. Nxd6 Qxd6 20. Qh6 f6 21. Nh4
Bd5 22. Bxd5 Qxd5 23. Qd2 Ra4 24. Ng2 Rfa8 25. Nf4 Qd6 26. Qb2 Nb6 27. Qb3 Ra3
28. Qxe6+ Qxe6 29. Nxe6 b3 30. Rab1 bxa2 31. Rxb6 a1=Q 32. Rxa1 Rxa1+ 33. Kg2
R1a6 34. Rxa6 Rxa6 35. Nf4 Ra3 36. e3 Ra2 37. Kf3 Kf7 38. h4 Ke7 39. Nh3 Ke6
40. h5 Rb2 41. g4 fxg4+ 42. Kxg4 Rd2 43. Nf4+ Kf7 44. f3 Rd1 45. Kg3 f5 46. Kf2
1/2-1/2

[Event "Copenhagen Chess Challenge 2011"]
[Site "Ballerup"]
[Date "2011.05.21"]
[Round "6"]
[White "Brondt, Nicolai Kvist"]
[Black "Westerinen, Heikki"]
[Result "1/2-1/2"]
[WhiteElo "2151"]
[BlackElo "2350"]
[PlyCount "39"]
[EventDate "2011.??.??"]
[EventType "swiss"]
[EventRounds "9"]
[EventCountry "DEN"]

1. d4 Nf6 2. Nf3 g6 3. c4 Bg7 4. Nc3 O-O 5. g3 d6 6. Bg2 Nc6 7. O-O e5 8. dxe5
dxe5 9. Qxd8 Rxd8 10. Bg5 Be6 11. Nd2 h6 12. Bxf6 Bxf6 13. Nde4 Be7 14. Nd5
Bxd5 15. cxd5 Nb4 16. Nc3 c6 17. dxc6 Nxc6 18. Bxc6 bxc6 19. Rfd1 f5 20. Kf1
1/2-1/2

[Event "Copenhagen Chess Challenge 2011"]
[Site "Ballerup"]
[Date "2011.05.21"]
[Round "6"]
[White "Bromann, Thorbjorn"]
[Black "Porte, Henrik"]
[Result "1-0"]
[WhiteElo "2405"]
[BlackElo "2128"]
[PlyCount "139"]
[EventDate "2011.??.??"]
[EventType "swiss"]
[EventRounds "9"]
[EventCountry "DEN"]

1. d4 d5 2. Nc3 Nf6 3. Bg5 Nbd7 4. Qd3 c6 5. e4 dxe4 6. Nxe4 Nxe4 7. Qxe4 Nf6
8. Bxf6 gxf6 9. Bc4 Qa5+ 10. c3 Bf5 11. Qf3 h5 12. h3 e6 13. Ne2 Bd6 14. Ng3
Bxg3 15. Qxg3 O-O-O 16. O-O h4 17. Qe3 Rdg8 18. b4 Qc7 19. Rfd1 Rg5 20. Bf1
Rhg8 21. c4 Qd6 22. d5 Qe5 23. Qxe5 fxe5 24. dxc6 Bxh3 25. cxb7+ Kxb7 26. Rd7+
Kc8 27. Rxa7 Bxg2 28. Bxg2 Rxg2+ 29. Kh1 R8g4 30. Rxf7 h3 31. Rc1 h2 32. Rc3
Rg1+ 33. Kxh2 R4g2+ 34. Kh3 Rg8 35. Rg3 Rh8+ 36. Kg4 Rc1 37. c5 Rc4+ 38. Kg5
Rxb4 39. Ra3 Rg8+ 40. Kh5 Rh8+ 41. Kg6 Rg4+ 42. Kf6 Rf4+ 43. Ke7 Kc7 44. Kxe6+
Kc6 45. Rxf4 exf4 46. Ke5 Kxc5 47. Kxf4 Rf8+ 48. Ke3 Re8+ 49. Kd3 Rf8 50. Ke2
Re8+ 51. Re3 Ra8 52. a3 Kd4 53. f3 Ra7 54. Re4+ Kd5 55. a4 Rb7 56. Ke3 Rb8 57.
a5 Rb7 58. Ra4 Re7+ 59. Kd3 Ra7 60. a6 Kc5 61. Ke4 Kd6 62. Kf5 Ke7 63. Kg6 Kf8
64. Rf4+ Kg8 65. Rf6 Rg7+ 66. Kf5 Re7 67. Rb6 Rf7+ 68. Ke4 Re7+ 69. Kd3 Rd7+
70. Ke4 1-0

[Event "Copenhagen Chess Challenge 2011"]
[Site "Ballerup"]
[Date "2011.05.21"]
[Round "6"]
[White "Lindgren, Philip"]
[Black "Hove, Esben Kjems"]
[Result "1-0"]
[WhiteElo "2126"]
[BlackElo "2276"]
[PlyCount "59"]
[EventDate "2011.??.??"]
[EventType "swiss"]
[EventRounds "9"]
[EventCountry "DEN"]

1. d4 d5 2. c4 c6 3. Nf3 Nf6 4. Nc3 dxc4 5. a4 Bf5 6. e3 e6 7. Bxc4 Bb4 8. O-O
O-O 9. Qe2 Bg6 10. Ne5 Nbd7 11. Nxg6 hxg6 12. Rd1 Qc7 13. e4 e5 14. dxe5 Nxe5
15. Bf4 Qe7 16. Ba2 Nfd7 17. Be3 g5 18. Qh5 g4 19. h3 Nf6 20. Qg5 Rfe8 21. hxg4
Bxc3 22. bxc3 Nxe4 23. Qxe7 Rxe7 24. Bd4 Nd7 25. f3 c5 26. fxe4 cxd4 27. Rxd4
Nf6 28. g5 Nxe4 29. Re1 Rae8 30. g6 1-0

[Event "Copenhagen Chess Challenge 2011"]
[Site "Ballerup"]
[Date "2011.05.21"]
[Round "6"]
[White "Andreasen, Per"]
[Black "Haubro, Martin"]
[Result "1-0"]
[WhiteElo "2269"]
[BlackElo "2003"]
[PlyCount "71"]
[EventDate "2011.??.??"]
[EventType "swiss"]
[EventRounds "9"]
[EventCountry "DEN"]

1. e4 c5 2. Nf3 d6 3. Bb5+ Nd7 4. O-O a6 5. Bxd7+ Bxd7 6. d4 cxd4 7. Qxd4 Nf6
8. Bg5 e5 9. Qd3 h6 10. Bxf6 Qxf6 11. Nc3 Be6 12. Nd5 Bxd5 13. Qxd5 Rb8 14. Nd2
Qe6 15. Qd3 Be7 16. Nc4 O-O 17. a4 f5 18. exf5 Rxf5 19. Rad1 Rf4 20. b3 b5 21.
axb5 axb5 22. Ne3 Bf8 23. Qd5 Qxd5 24. Rxd5 Kf7 25. g3 Rf6 26. Ra1 Ke6 27. Ra5
Rf7 28. Rdxb5 Rxb5 29. Rxb5 Rc7 30. c4 h5 31. Rb8 Be7 32. Nd5 Ra7 33. Re8 g5
34. h3 Rb7 35. Kf1 Kf7 36. Rxe7+ 1-0

[Event "Copenhagen Chess Challenge 2011"]
[Site "Ballerup"]
[Date "2011.05.21"]
[Round "6"]
[White "Olsen, Peter Erik"]
[Black "Brondum, Eric"]
[Result "1-0"]
[WhiteElo "2241"]
[BlackElo "2116"]
[PlyCount "89"]
[EventDate "2011.??.??"]
[EventType "swiss"]
[EventRounds "9"]
[EventCountry "DEN"]

1. d4 Nf6 2. c4 e5 3. dxe5 Ng4 4. Bf4 Nc6 5. Nf3 Bb4+ 6. Nbd2 Qe7 7. a3 Ngxe5
8. Nxe5 Nxe5 9. e3 Bxd2+ 10. Qxd2 d6 11. Be2 b6 12. O-O Bb7 13. b4 O-O-O 14.
Qc2 Kb8 15. c5 g5 16. Bxe5 dxe5 17. a4 Qe6 18. Rfd1 f5 19. b5 Be4 20. Qc3 Qe7
21. c6 f4 22. Bg4 h5 23. Bd7 f3 24. a5 Qc5 25. Qb2 Qc2 26. Qxc2 Bxc2 27. Rdc1
Be4 28. axb6 axb6 29. Ra4 Rxd7 30. Rca1 Rd1+ 31. Rxd1 Bc2 32. Raa1 Bxd1 33.
Rxd1 g4 34. Rd5 Re8 35. h3 fxg2 36. Kxg2 gxh3+ 37. Kxh3 Rf8 38. Kg3 h4+ 39.
Kxh4 Rxf2 40. Rxe5 Ka7 41. Kg3 Rf1 42. Kg4 Rg1+ 43. Kf5 Rh1 44. e4 Rh6 45. Rd5
1-0

[Event "Copenhagen Chess Challenge 2011"]
[Site "Ballerup"]
[Date "2011.05.21"]
[Round "6"]
[White "Halamus, Agata"]
[Black "Andersen, Morten"]
[Result "1-0"]
[WhiteElo "2047"]
[BlackElo "2181"]
[PlyCount "81"]
[EventDate "2011.??.??"]
[EventType "swiss"]
[EventRounds "9"]
[EventCountry "DEN"]

1. e4 c5 2. Nf3 d6 3. d4 cxd4 4. Nxd4 Nf6 5. Nc3 a6 6. h3 e6 7. g4 h6 8. Bg2
Nc6 9. Be3 Nxd4 10. Qxd4 e5 11. Qb6 Qxb6 12. Bxb6 Be6 13. O-O-O Rc8 14. f4 Nd7
15. Be3 exf4 16. Bxf4 Ne5 17. Nd5 Be7 18. Kb1 f6 19. b3 b5 20. Bd2 Bxd5 21.
exd5 Bd8 22. Be4 Bb6 23. Bf5 Ra8 24. h4 Ke7 25. Rdf1 a5 26. Be6 b4 27. g5 hxg5
28. hxg5 Nf3 29. gxf6+ gxf6 30. Bc1 Ne5 31. Bh6 Rh7 32. Bf8+ Rxf8 33. Rxh7+ Kd8
34. Rh6 Ke7 35. Rh7+ Kd8 36. Rb7 Bc7 37. Ra7 Nd7 38. Rh1 Nc5 39. Ra8+ Ke7 40.
Rh7+ Rf7 41. Rxf7# 1-0

[Event "Copenhagen Chess Challenge 2011"]
[Site "Ballerup"]
[Date "2011.05.21"]
[Round "6"]
[White "Eriksson, Christian Altenburg"]
[Black "Christensen, Casper"]
[Result "1-0"]
[WhiteElo "2139"]
[BlackElo "1948"]
[PlyCount "71"]
[EventDate "2011.??.??"]
[EventType "swiss"]
[EventRounds "9"]
[EventCountry "DEN"]

1. e4 c5 2. c3 d5 3. exd5 Qxd5 4. d4 cxd4 5. cxd4 Nc6 6. Nf3 Bg4 7. Be2 e6 8.
Nc3 Qd8 9. h3 Bh5 10. O-O Nf6 11. Be3 Be7 12. Qb3 O-O 13. Qxb7 Qd6 14. Nb5 Qd7
15. Qxd7 Nxd7 16. Rac1 Rac8 17. a3 a6 18. Nc3 Ndb8 19. g4 Bg6 20. d5 Na5 21.
Ne5 Nb3 22. Nxg6 fxg6 23. Rcd1 exd5 24. Nxd5 Bh4 25. g5 Kh8 26. Rd3 Na5 27. Rd4
Rcd8 28. Rfd1 Rf5 29. Ne7 Bxf2+ 30. Bxf2 Rxg5+ 31. Kh2 Rxd4 32. Rxd4 h6 33.
Rd8+ Kh7 34. Rxb8 Re5 35. Bd3 Rxe7 36. Rb6 1-0

[Event "Copenhagen Chess Challenge 2011"]
[Site "Ballerup"]
[Date "2011.05.21"]
[Round "6"]
[White "Knudsen, Jes West"]
[Black "Johansson, Linus"]
[Result "1/2-1/2"]
[WhiteElo "1939"]
[BlackElo "2131"]
[PlyCount "84"]
[EventDate "2011.??.??"]
[EventType "swiss"]
[EventRounds "9"]
[EventCountry "DEN"]

1. e4 c5 2. Nf3 Nc6 3. d3 g6 4. g3 Bg7 5. Bg2 Nf6 6. O-O d5 7. Nbd2 O-O 8. c3
d4 9. cxd4 cxd4 10. Nc4 Be6 11. b3 b5 12. e5 Nd5 13. Ng5 bxc4 14. Nxe6 fxe6 15.
Qg4 Rf5 16. bxc4 Nxe5 17. Qe4 Nf7 18. cxd5 exd5 19. Qe6 Re5 20. Qa6 Qc8 21.
Qxc8+ Rxc8 22. Bf4 Re2 23. Bf3 Rec2 24. Bxd5 Bf6 25. Rfc1 Rxc1+ 26. Rxc1 Rxc1+
27. Bxc1 Kf8 28. Ba3 Ne5 29. Be4 Nd7 30. f4 Kf7 31. Bc6 Ke6 32. g4 Nb8 33. Bb5
h6 34. Bc5 a6 35. Bc4+ Kd7 36. f5 gxf5 37. gxf5 Kc6 38. Ba7 Kb7 39. Bxb8 Kxb8
40. Bxa6 Ka7 41. Bc4 Kb6 42. Kg2 h5 1/2-1/2